Entrenamiento de sobrecarga aplicado al deporte
Uloženo v:
| Hlavní autor: | |
|---|---|
| Médium: | Kniha |
| Jazyk: | španělština |
| Vydáno: |
Buenos Aires
Servicio Educativo Argentino
1969
|
| Témata: | |
| Tagy: |
Přidat tag
Žádné tagy, Buďte první, kdo vytvoří štítek k tomuto záznamu!
|
MARC
| LEADER | 00000nam a2200000 a 4500 | ||
|---|---|---|---|
| 001 | UCY9675 | ||
| 003 | CL-VaPUC | ||
| 008 | 950717e19690900AG |||||||||||||||||spa|d | ||
| 082 | 0 | 4 | |a 613.71 |b HEG |2 21 |
| 100 | |a Hegedüs, Jorge de |e author |9 557329 | ||
| 245 | 1 | 0 | |a Entrenamiento de sobrecarga aplicado al deporte |
| 300 | |a 157 p | ||
| 942 | |c BK | ||
| 945 | |d 19950717 00:00:00 |a lriquelm | ||
| 260 | |a Buenos Aires |b Servicio Educativo Argentino |c 1969 | ||
| 650 | 7 | |a ENTRENAMIENTO ATLETICO |2 CL-VaPUC |9 342180 | |
| 650 | 7 | |a RENDIMIENTO |2 CL-VaPUC |9 260872 | |
| 650 | 0 | |a Educación física |9 240893 | |
| 650 | 7 | |a DEPORTE |2 CL-VaPUC |9 342181 | |
| 650 | 7 | |a SISTEMA ESQUELETO MUSCULO |2 CL-VaPUC |9 334277 | |
| 583 | |a last modification |c 19950717 00:00:00 |k Rodrigo Vera | ||
| 999 | |c 236726 |d 236724 | ||
| 952 | |0 0 |1 0 |4 0 |6 613_710000000000000_HEG_1969 |7 0 |8 P |9 244999 |a BIBEDU |b BIBEDU |c BIBEDU_PB |d 2019-11-18 |i 153405K |o 613.71 HEG 1969 |p 153405K |r 2024-01-25 |w 2019-11-18 |y BK |k EDU | ||